Normal view
MARC view
- Sun Hae-sang.
Entry Personal Name
001 - CONTROL NUMBER
- control field: 58890
003 - CONTROL NUMBER IDENTIFIER
- control field: OSt
005 - DATE AND TIME OF LATEST TRANSACTION
- control field: 20240822153341.0
008 - FIXED-LENGTH DATA ELEMENTS
- fixed length control field: 240822|| aca||aabn | a|a d
040 ## - CATALOGING SOURCE
- Original cataloging agency: OSt
- Transcribing agency: OSt
100 ## - HEADING--PERSONAL NAME
- Personal name: Sun Hae-sang.
- Relator term: author.
670 ## - SOURCE DATA FOUND
- Source citation: Work cat.: (OSt): Sun Hae-sang. author., Generation of cyclotomic hecke fields by modular l-value with cyclotomic twists /, June 2019.
